00621nam a22002177a 450000500170000001000110001702000100002803500110003803700160004904000120006508200160007710000150009324501170010824600060022526000410023127000470027230000200031950000220033965000180036165000240037920170124110257.0 a052035 c00.00 ha052035 bCen Lib/Ret aDPLbEN a131.34bJUN aJung, C.G. aThe practice of psychotherapy :cby C.G. Jungbessays on the psychology of the transference and other subjects / b  bRoutledge & Kegan Paulc1954aLondon bLondonaBroadway House, 68-74 carter Lane, a377p.c20cm(Hb) a14 illustrations  aPsychotherapy aBody-mind centering